LIBRARY & INFORMATION CENTRE, KCAET, TAVANUR

ONLINE PUBLIC ACCESS CATALOGUE (OPAC)

Computer database organization / (Record no. 405)

MARC details
000 -LEADER
fixed length control field 00589cam a2200229ua 4500
020 ## - INTERNATIONAL STANDARD BOOK NUMBER
ISBN 81-203-0336-9
041 ## - LANGUAGE CODE
Language code of text/sound track or separate title eng
082 ## - DEWEY DECIMAL CLASSIFICATION NUMBER
Classification number 005.7406
Item number MAR/CO
100 ## - MAIN ENTRY--AUTHOR NAME
Personal name Martin, James .
245 ## - TITLE STATEMENT
Title Computer database organization /
250 ## - EDITION STATEMENT
Edition statement 2 /
260 ## - PUBLICATION, DISTRIBUTION, ETC. (IMPRINT)
Place of publication New Delhi :
Name of publisher Prentice Hall of India Pvt Ltd. ,
Year of publication 2000.
300 ## - PHYSICAL DESCRIPTION
Number of Pages 713 ; .
650 ## - SUBJECT ADDED ENTRY--TOPICAL TERM
Topical Term Computer Database
650 ## - SUBJECT ADDED ENTRY--TOPICAL TERM
Topical Term Computers
942 ## - ADDED ENTRY ELEMENTS (KOHA)
Koha item type Books
Holdings
Withdrawn status Lost status Damaged status Home library Current library Date acquired Full call number Accession Number Koha item type
      KAUAET KAUAET 07/04/2012 005.7406 20565 Books
      KAUAET KAUAET 07/04/2012 005.7406 20566 Books
      KAUAET KAUAET 07/04/2012 005.7406 20609 Books
free website counter